Step-by-step basic knit sweaters / (Record no. 358044)
[ view plain ]
| 000 -LEADER | |
|---|---|
| fixed length control field | 00552nam a2200205Ia 4500 |
| 008 - FIXED-LENGTH DATA ELEMENTS--GENERAL INFORMATION | |
| fixed length control field | 180620s9999 xx 000 0 und d |
| 020 ## - INTERNATIONAL STANDARD BOOK NUMBER | |
| International Standard Book Number | 0-87040-654-X |
| 050 ## - LIBRARY OF CONGRESS CALL NUMBER | |
| Classification number | REF TT 820 |
| 050 ## - LIBRARY OF CONGRESS CALL NUMBER | |
| Item number | .S74 1985 |
| 245 #0 - TITLE STATEMENT | |
| Title | Step-by-step basic knit sweaters / |
| 260 ## - PUBLICATION, DISTRIBUTION, ETC. (IMPRINT) | |
| Place of publication, distribution, etc | Japan : |
| 260 ## - PUBLICATION, DISTRIBUTION, ETC. (IMPRINT) | |
| Name of publisher, distributor, etc | Ondorisha Publishers, |
| 260 ## - PUBLICATION, DISTRIBUTION, ETC. (IMPRINT) | |
| Date of publication, distribution, etc | 1985 |
| 300 ## - PHYSICAL DESCRIPTION | |
| Extent | 64 pages : |
| 300 ## - PHYSICAL DESCRIPTION | |
| Other physical details | colored illustrations ; |
| 300 ## - PHYSICAL DESCRIPTION | |
| Dimensions | 26 cm. |
| 650 ## - SUBJECT ADDED ENTRY--TOPICAL TERM | |
| Topical term or geographic name as entry element | Knitting -- Patterns. |
| 650 ## - SUBJECT ADDED ENTRY--TOPICAL TERM | |
| Topical term or geographic name as entry element | Knitting and crocheting. |
| 650 ## - SUBJECT ADDED ENTRY--TOPICAL TERM | |
| General subdivision | Knitting -- Handbooks, manuals and etc. |
No items available.